| 000 | 00404nam a22001337a 4500 | ||
|---|---|---|---|
| 082 | _aCP09 | ||
| 100 |
_aFaiza Zeshan _950834 |
||
| 245 |
_aCalculus and analytical geometry MATH-101 _bCourse pack OD-82, CED-83 _cFaiza Zeshan |
||
| 250 | _aFall semester 2014 | ||
| 260 | _aMCE | ||
| 526 |
_a0 _b0 _c0 _dCP_000000000000000_09 |
||
| 650 |
_aCalculus and analytical geometry MATH-101 _950835 |
||
| 942 |
_2ddc _cBK |
||
| 999 |
_c553573 _d553573 |
||